MARC details
| 000 -LEADER |
| campo de control de longitud fija |
02148nam a2200445 i 4500 |
| 001 - NÚMERO DE CONTROL |
| campo de control |
193463 |
| 003 - IDENTIFICADOR DE NÚMERO DE CONTROL |
| campo de control |
ES-MaACL |
| 005 - FECHA Y HORA DE LA ÚLTIMA TRANSACCIÓN |
| campo de control |
20260313134720.0 |
| 007 - CAMPO FIJO DE DESCRIPCIÓN FÍSICA--INFORMACIÓN GENERAL |
| campo de control de longitud fija |
ta |
| 008 - DATOS DE LONGITUD FIJA--INFORMACIÓN GENERAL |
| campo de control de longitud fija |
231229e2023 sp a|||| |||| 00| 0 spa d |
| 017 ## - NÚMERO DE COPYRIGHT O DE DEPÓSITO LEGAL |
| Número de copyright o de depósito legal |
M-29480-2023 |
| Agencia que asigna |
Oficina Depósito Legal Madrid |
| 020 ## - NÚMERO INTERNACIONAL ESTÁNDAR DEL LIBRO |
| Número Internacional Estándar del Libro |
978-84-451-4075-8 |
| 040 ## - FUENTE DE CATALOGACIÓN |
| Lengua de catalogación |
spa |
| Centro/agencia transcriptor |
ES-MaACL |
| 080 ## - NÚMERO DE LA CLASIFICACIÓN DECIMAL UNIVERSAL |
| Número de la Clasificación Decimal Universal |
94(460.271)"192"(083.824) |
| 245 04 - MENCIÓN DEL TÍTULO |
| Título |
Los 20 del XX : |
| Resto del título |
un garbeo por Madrid / |
| Número de parte o sección de la obra |
[textos, M.ª Nieves Sobrino García, Pedro Montoliú Camps] |
| 260 ## - PUBLICACIÓN, DISTRIBUCIÓN, ETC. |
| Lugar de publicación, distribución, etc. |
[Madrid] : |
| Nombre del editor, distribuidor, etc. |
Comunidad de Madrid, |
| Fecha de publicación, distribución, etc. |
[2023] |
| 300 ## - DESCRIPCIÓN FÍSICA |
| Extensión |
96 páginas : |
| Otras características físicas |
principalmente fotografías (blanco y negro), |
| Dimensiones |
30 cm |
| 336 ## - TIPO DE CONTENIDO |
| Fuente |
rdacontent |
| Término de tipo de contenido |
Texto |
| 337 ## - TIPO DE MEDIO |
| Fuente |
rdamedia |
| Nombre/término del tipo de medio |
sin mediación |
| 338 ## - TIPO DE SOPORTE |
| Fuente |
rdacarrier |
| Nombre/término del tipo de soporte |
volumen |
| 500 ## - NOTA GENERAL |
| Nota general |
Índice |
| 520 ## - RESUMEN, ETC. |
| Sumario, etc. |
El catálogo reúne 100 imágenes y una treintena de diverso material documental, como planos, carteles, revistas y correspondencia pertenecientes a diversos fondos documentales custodiados en el Archivo Regional de la Comunidad de Madrid |
| 530 ## - NOTA DISPONIBLE DE FORMULARIO FÍSICO ADICIONAL |
| Nota de formato físico adicional disponible |
Disponible en formato digital |
| 585 ## - NOTA DE EXPOSICIONES |
| Nota de exposiciones |
Exposición celebrada en la Sala de Exposiciones Cristóbal Portillo del Archivo Regional de la Comunidad de Madrid, del 10 de octubre de 2023 al 14 de enero de 2024 |
| 651 #7 - PUNTO DE ACCESO ADICIONAL DE MATERIA--NOMBRE GEOGRÁFICO |
| Nombre geográfico |
Madrid- |
| Subdivisión general |
Historia- |
| Subdivisión cronológica |
S.XX- |
| Subdivisión de forma |
Exposiciones |
| 9 (RLIN) |
174056 |
| 651 #4 - PUNTO DE ACCESO ADICIONAL DE MATERIA--NOMBRE GEOGRÁFICO |
| Nombre geográfico |
Madrid- |
| Subdivisión de forma |
Obras ilustradas |
| 9 (RLIN) |
8976 |
| 655 #7 - TERMINO DE INDIZACIÓN--GENERO/FORMA |
| Datos o término principal de género/forma |
Catálogos de exposiciones |
| Fuente del término |
tgfbne |
| 9 (RLIN) |
193628 |
| 655 #7 - TERMINO DE INDIZACIÓN--GENERO/FORMA |
| Datos o término principal de género/forma |
Libros ilustrados |
| Fuente del término |
tgfbne |
| 9 (RLIN) |
193653 |
| 700 1# - ENTRADA AGREGADA--NOMBRE PERSONAL |
| Nombre de persona |
Sobrino García, M. Nieves |
| Término indicativo de función/relación |
Autor |
| 9 (RLIN) |
234742 |
| 700 1# - ENTRADA AGREGADA--NOMBRE PERSONAL |
| Nombre de persona |
Montoliú Camps, Pedro, |
| Fechas asociadas al nombre |
1954- |
| Término indicativo de función/relación |
Autor |
| 9 (RLIN) |
82680 |
| 710 1# - ENTRADA AGREGADA--NOMBRE DE ENTIDAD CORPORATIVA |
| Nombre de entidad corporativa o nombre de jurisdicción como elemento de entrada |
Madrid (Comunidad Autónoma) |
| Término indicativo de función/relación |
Editor |
| 9 (RLIN) |
5587 |
| 852 4# - LOCALIZACIÓN |
| Ubicación |
ES-MaACL |
| Sublocalización o colección |
154917 |
| Ubicación en estantería |
Depósito J |
| Número de control de estantería |
N-9613 |
| Donativo/Legado |
Donación Comunidad de Madrid |
| itemnumber |
200936 |
| 856 4# - LOCALIZACIÓN Y ACCESO ELECTRÓNICOS |
| Identificador Uniforme de Recursos |
<a href="https://www.comunidad.madrid/sites/default/files/doc/cultura/los_20_del_xx.pdf">https://www.comunidad.madrid/sites/default/files/doc/cultura/los_20_del_xx.pdf</a> |
| Texto de enlace |
Versión digital |
| Nota pública |
(Comunidad de Madrid) |
| 856 4# - LOCALIZACIÓN Y ACCESO ELECTRÓNICOS |
| Identificador Uniforme de Recursos |
<a href="https://gestiona3.madrid.org/bvirtual/BVCM051052.pdf">https://gestiona3.madrid.org/bvirtual/BVCM051052.pdf</a> |
| Texto de enlace |
Versión digital |
| Nota pública |
(PublicaMadrid) |
| 942 ## - ELEMENTOS DE ENTRADA SECUNDARIOS (KOHA) |
| Tipo de ítem Koha |
Libro impreso |
| Suprimir en OPAC |
No |